[Event "Ilichevsk Sunny Pawn op"]
[Site "Ilichevsk"]
[Date "2008.07.28"]
[Round "8"]
[White "Shtefyrtsa, Vsevolod"]
[Black "Baschak, Konstantin"]
[Result "1-0"]
[WhiteElo "2066"]
[BlackElo "2217"]
[PlyCount "37"]
[EventDate "2008.07.20"]
[EventType "swiss"]
[EventRounds "10"]
[EventCountry "UKR"]
[SourceTitle "CBM 125 Extra"]
[Source "ChessBase"]
[SourceDate "2008.09.01"]
[SourceVersion "1"]
[SourceVersionDate "2008.09.01"]
[SourceQuality "1"]

1. e4 e6 2. d3 c5 3. g3 b6 4. Bg2 Bb7 5. Ne2 Nf6 6. 0-0 d6 7. f4 Nbd7 8. h3 Qc7 9. g4 0-0-0 10. a4 g6 11. a5 h5 12. g5 Ne8 13. axb6 axb6 14. Na3 Bc6 15. Nc3 Qb8 16. Nab5 Nc7 17. Na7+ Kb7 18. d4 d5 19. Nxc6 1-0